[Event "Paques U2000"]
[Site "Montreal CAN"]
[Date "2006.04.16"]
[Round "4"]
[White "Mathews, Theo"]
[Black "Allen, Marc-Antoine"]
[Result "0-1"]
[WhiteElo "1652"]
[BlackElo "1664"]
[PlyCount "98"]
[EventDate "2006.04.14"]
[EventType "tourn"]
[EventRounds "5"]
[EventCountry "CAN"]

1. e4 e5 2. Nf3 Nf6 3. Nc3 Nc6 4. Bc4 Bc5 5. O-O d6 6. h3 Be6 7. Bb3 O-O 8. d3
h6 9. Ne2 Bxb3 10. axb3 d5 11. Ng3 dxe4 12. Nxe4 Nxe4 13. dxe4 Qe7 14. c3 Rfd8
15. Qc2 a6 16. Re1 Rd7 17. b4 Ba7 18. Be3 Bxe3 19. Rxe3 Rad8 20. Ree1 Rd3 21.
Rad1 Qd6 22. Rxd3 Qxd3 23. Qxd3 Rxd3 24. Kf1 Kf8 25. Ke2 Rd7 26. Rd1 Rxd1 27.
Kxd1 Ke7 28. Kc2 Kd6 29. Nd2 Ne7 30. c4 c5 31. Kc3 cxb4+ 32. Kxb4 Nc6+ 33. Kc3
Nd4 34. g3 a5 35. Nf1 Kc5 36. Ne3 a4 37. h4 b5 38. cxb5 Nxb5+ 39. Kd3 Kb4 40.
Kc2 Nd4+ 41. Kb1 Kb3 42. f4 Nf3 43. fxe5 Nd2+ 44. Kc1 Nxe4 45. Nf5 Nc5 46. Nd4+
Ka2 47. Kc2 Nb3 48. Nxb3 axb3+ 49. Kc3 h5 0-1

[Event "Paques U2000"]
[Site "Montreal CAN"]
[Date "2006.04.16"]
[Round "4"]
[White "Picard, Christian"]
[Black "Pregent, Daniel"]
[Result "0-1"]
[WhiteElo "1672"]
[BlackElo "1776"]
[PlyCount "76"]
[EventDate "2006.04.14"]
[EventType "tourn"]
[EventRounds "5"]
[EventCountry "CAN"]

1. e4 e5 2. Nf3 Nc6 3. Bc4 Nf6 4. d3 Bc5 5. c3 O-O 6. Bg5 d6 7. Nbd2 Be6 8. Bb3
Qe7 9. O-O Rad8 10. Nh4 h6 11. Be3 Ng4 12. Nhf3 Bxe3 13. fxe3 Nxe3 14. Qe2 Nxf1
15. Rxf1 Bxb3 16. Nxb3 f5 17. Nbd2 f4 18. d4 g5 19. Ne1 exd4 20. cxd4 d5 21. e5
Nxd4 22. Qd3 Qxe5 23. Kh1 Kg7 24. Ndf3 Nxf3 25. Nxf3 Qf6 26. Rc1 c6 27. Nd4
Rde8 28. h4 Re3 29. Qd2 Rfe8 30. h5 R8e4 31. Qb4 Rxd4 32. Qxb7+ Re7 33. Qb3
Rde4 34. Qd3 Re1+ 35. Rxe1 Rxe1+ 36. Kh2 f3 37. Qb3 Qf4+ 38. g3 Qd2+ 0-1

[Event "Paques U2000"]
[Site "Montreal CAN"]
[Date "2006.04.16"]
[Round "5"]
[White "Allen, Marc-Antoine"]
[Black "Millette, Sylvain"]
[Result "1/2-1/2"]
[WhiteElo "1664"]
[BlackElo "1581"]
[PlyCount "102"]
[EventDate "2006.04.14"]
[EventType "tourn"]
[EventRounds "5"]
[EventCountry "CAN"]

1. e4 Nf6 2. e5 Nd5 3. d4 d6 4. c4 Nb6 5. exd6 exd6 6. Be2 Nc6 7. Nf3 Bg4 8.
O-O Be7 9. Nc3 Bxf3 10. Bxf3 Nxc4 11. Bxc6+ bxc6 12. Qa4 Nb6 13. Qxc6+ Qd7 14.
Qf3 O-O 15. Ne4 Nd5 16. Bg5 f5 17. Nd2 Bxg5 18. Qxd5+ Qf7 19. Qxf7+ Rxf7 20.
Nf3 Bf6 21. Rac1 Re7 22. Rc2 Rae8 23. h4 h6 24. h5 c5 25. dxc5 dxc5 26. Rxc5
Bxb2 27. Rxf5 Re2 28. Ra5 R8e7 29. Rd1 Bc3 30. Rd8+ Kh7 31. Rc5 Bf6 32. Rcc8 g5
33. hxg6+ Kxg6 34. Rd6 Kf7 35. Rcc6 R2e6 36. Rxe6 Rxe6 37. Rc7+ Re7 38. Rxe7+
Kxe7 39. Kf1 Kd6 40. Ke2 Kc5 41. Kd3 Kb4 42. Kc2 Ka3 43. Kb1 Kb4 44. Nd2 Bd4
45. f3 Kc3 46. Ne4+ Kd3 47. g4 Ke3 48. g5 Kxf3 49. Nd2+ Ke2 50. Nb3 Bg7 51.
gxh6 Bxh6 1/2-1/2

[Event "Paul Keres mem (31st)"]
[Site "Vancouver CAN"]
[Date "2006.05.19"]
[Round "1.1"]
[White "Orlov, Georgi"]
[Black "Schemm, Michael"]
[Result "1-0"]
[WhiteElo "2587"]
[BlackElo "2033"]
[PlyCount "69"]
[EventDate "2006.05.19"]
[EventType "swiss"]
[EventRounds "6"]
[EventCountry "CAN"]

1. d4 b6 2. e4 d6 3. Nc3 g6 4. f4 Bg7 5. Nf3 Bb7 6. Bd3 e6 7. f5 Nd7 8. fxe6
fxe6 9. Ng5 Qe7 10. Qg4 O-O-O 11. Nxe6 Ngf6 12. Qh3 Rde8 13. Nxg7 Qxg7 14. Bh6
Qe7 15. O-O-O Nxe4 16. Bxe4 Bxe4 17. Rhe1 d5 18. Nxd5 Qd6 19. Nc3 Bf5 20. g4
Rxe1 21. Rxe1 Be6 22. Qf3 Kb8 23. d5 Qxh2 24. Bg7 Bxg4 25. Qxg4 Rd8 26. b4 Qf2
27. Re7 Qf1+ 28. Kb2 Kc8 29. Bh6 Qf6 30. Rxh7 Qd6 31. a3 Kb7 32. Bf4 Qf8 33.
Rxd7 Rxd7 34. Qxd7 Qxf4 35. Qc6+ 1-0

[Event "Paul Keres mem (31st)"]
[Site "Vancouver CAN"]
[Date "2006.05.19"]
[Round "1.2"]
[White "Burke, Paul"]
[Black "Yoos, John"]
[Result "1/2-1/2"]
[WhiteElo "2032"]
[BlackElo "2425"]
[PlyCount "105"]
[EventDate "2006.05.19"]
[EventType "swiss"]
[EventRounds "6"]
[EventCountry "CAN"]

1. e4 c5 2. d4 cxd4 3. c3 Nf6 4. e5 Nd5 5. cxd4 e6 6. Nf3 b6 7. Nc3 Nxc3 8.
bxc3 Qc7 9. Bd2 Bb7 10. Bd3 d6 11. O-O Nd7 12. Qe2 dxe5 13. Nxe5 Nxe5 14. dxe5
Be7 15. Bb5+ Bc6 16. Qe4 Rc8 17. a4 O-O 18. Bxc6 Qxc6 19. Qxc6 Rxc6 20. a5 b5
21. a6 Bc5 22. Rfb1 Rd8 23. Bg5 Rd5 24. c4 Rxe5 25. cxb5 Rc8 26. Be3 Ra8 27.
Bxc5 Rxc5 28. b6 axb6 29. Rxb6 g6 30. g3 Rc7 31. Kg2 Rca7 32. f4 Kf8 33. Kf3
Ke7 34. Ke4 Kd7 35. Rd1+ Ke7 36. Rdd6 h5 37. Kd4 Rc7 38. Rdc6 Rd7+ 39. Kc4 h4
40. Kb5 Rd5+ 41. Rc5 Rd2 42. Rb7+ Kf6 43. a7 h3 44. Rcc7 Kf5 45. Rxf7+ Kg4 46.
Rb8 Rb2+ 47. Kc5 Rbxb8 48. axb8=Q Rxb8 49. Rh7 Rd8 50. Rh4+ Kf5 51. Rxh3 e5 52.
fxe5 Kxe5 53. Rh7 1/2-1/2

[Event "Paul Keres mem (31st)"]
[Site "Vancouver CAN"]
[Date "2006.05.19"]
[Round "1.3"]
[White "Berry, Jonathan"]
[Black "Healy, Tom"]
[Result "1-0"]
[WhiteElo "2298"]
[BlackElo "2026"]
[PlyCount "70"]
[EventDate "2006.05.19"]
[EventType "swiss"]
[EventRounds "6"]
[EventCountry "CAN"]

1. e4 e5 2. Nf3 Nc6 3. Bb5 a6 4. Ba4 Nf6 5. O-O b5 6. Bb3 Be7 7. Re1 d6 8. c3
O-O 9. h3 Na5 10. Bc2 c5 11. d4 Qc7 12. Nbd2 Bd7 13. Nf1 Rac8 14. Bb1 h6 15.
Ne3 Rfe8 16. dxe5 dxe5 17. Nd5 Nxd5 18. exd5 Bf8 19. Nh4 Qd6 20. Nf5 Bxf5 21.
Bxf5 Rcd8 22. a4 b4 23. Be4 g6 24. cxb4 cxb4 25. g4 Nc6 26. Bxh6 Bxh6 27. dxc6
Qc7 28. Qb3 Rd4 29. Rad1 Kg7 30. Rxd4 exd4 31. Qd5 Rd8 32. Qc5 d3 33. g5 Bxg5
34. Qxg5 d2 35. Rd1 Qd6 1-0

[Event "Paul Keres mem (31st)"]
[Site "Vancouver CAN"]
[Date "2006.05.19"]
[Round "1.4"]
[White "Niksic, John"]
[Black "Meng, Fanhao"]
[Result "0-1"]
[WhiteElo "2005"]
[BlackElo "2255"]
[PlyCount "54"]
[EventDate "2006.05.19"]
[EventType "swiss"]
[EventRounds "6"]
[EventCountry "CAN"]

1. Nf3 Nc6 2. d4 d5 3. g3 Nf6 4. Bg2 Bf5 5. O-O e6 6. Bf4 Nb4 7. Na3 Na6 8. c4
Bxa3 9. Qa4+ c6 10. Qxa3 Qb6 11. Rac1 Be4 12. Rfd1 O-O-O 13. Bd6 Bxf3 14. Bxf3
Ne4 15. cxd5 Nxd6 16. dxc6 Nb4 17. Qa4 Nd5 18. e4 Ne7 19. e5 Nb5 20. cxb7+ Kb8
21. Rc4 Nd5 22. Rdc1 Qxb7 23. Qc2 Rc8 24. b3 Nxd4 25. Qe4 Nxf3+ 26. Qxf3 Nb6
27. Rc5 Qxf3 0-1

[Event "Paul Keres mem (31st)"]
[Site "Vancouver CAN"]
[Date "2006.05.19"]
[Round "1.5"]
[White "Pechisker, Alfred"]
[Black "Hughey, Micah"]
[Result "1-0"]
[WhiteElo "2250"]
[BlackElo "2005"]
[PlyCount "85"]
[EventDate "2006.05.19"]
[EventType "swiss"]
[EventRounds "6"]
[EventCountry "CAN"]

1. d4 d5 2. c4 e6 3. Nf3 c5 4. cxd5 exd5 5. dxc5 Bxc5 6. e3 Nc6 7. Be2 Nf6 8.
O-O O-O 9. Nbd2 Ne4 10. Nxe4 dxe4 11. Qxd8 Rxd8 12. Nd2 f5 13. Nb3 Be7 14. Bd2
Be6 15. Bc3 Bxb3 16. axb3 Nb4 17. Ra5 g6 18. Rb5 Nd3 19. Rxb7 Kf8 20. Ra1 a6
21. Bxd3 Rxd3 22. Kf1 Ke8 23. b4 Rdd8 24. Ke2 Kf7 25. Ra5 Ke8 26. h3 Rab8 27.
Rxb8 Rxb8 28. Rxa6 Bxb4 29. Bd4 Rc8 30. Kd1 Bc5 31. Bxc5 Rxc5 32. Ra7 Rd5+ 33.
Kc2 Rc5+ 34. Kb3 Rc1 35. Rxh7 Rf1 36. Rg7 Rxf2 37. Rxg6 Rd2 38. Rg5 Rd3+ 39.
Kc4 Rxe3 40. Rxf5 Re2 41. g4 Rxb2 42. Re5+ Kf7 43. Rxe4 1-0

[Event "Paul Keres mem (31st)"]
[Site "Vancouver CAN"]
[Date "2006.05.19"]
[Round "1.6"]
[White "Kostin, Andrey"]
[Black "Jiganchine, Roman"]
[Result "1-0"]
[WhiteElo "1963"]
[BlackElo "2241"]
[PlyCount "127"]
[EventDate "2006.05.19"]
[EventType "swiss"]
[EventRounds "6"]
[EventCountry "CAN"]

1. e4 c6 2. Nc3 d5 3. Nf3 Bg4 4. h3 Bxf3 5. Qxf3 e6 6. d3 Nd7 7. g3 Ngf6 8. Bg2
Be7 9. O-O O-O 10. Qe2 dxe4 11. dxe4 Qb6 12. Kh2 Rad8 13. f4 e5 14. Nd1 Rfe8
15. b3 exf4 16. gxf4 Bc5 17. Bb2 Bd4 18. c3 Bc5 19. b4 Bf8 20. e5 g6 21. Bf3
Nd5 22. Bxd5 cxd5 23. Ne3 Qc6 24. Qg2 Nb6 25. Rad1 Nc4 26. Nxc4 dxc4 27. Qxc6
bxc6 28. Bc1 f6 29. Rxd8 Rxd8 30. Be3 Kf7 31. exf6 a6 32. Bd4 Re8 33. Kg3 Bd6
34. Kf3 Bc7 35. Rd1 Bd8 36. Be5 Bxf6 37. Bxf6 Kxf6 38. Rd4 Re1 39. Rxc4 Rf1+
40. Kg2 Rd1 41. Rxc6+ Kf5 42. Rxa6 Rd2+ 43. Kf1 Kxf4 44. c4 g5 45. c5 h5 46. b5
g4 47. hxg4 hxg4 48. b6 Rb2 49. Ra3 Rb1+ 50. Ke2 Rb2+ 51. Kd1 g3 52. Rxg3 Kxg3
53. a4 Kf3 54. a5 Ke3 55. a6 Rd2+ 56. Kc1 Rd5 57. b7 Rxc5+ 58. Kb2 Rb5+ 59. Kc3
Rb6 60. Kc4 Rxa6 61. b8=Q Ra4+ 62. Kc3 Re4 63. Qg3+ Ke2 64. Qd3+ 1-0

[Event "Paul Keres mem (31st)"]
[Site "Vancouver CAN"]
[Date "2006.05.19"]
[Round "1.8"]
[White "Herodek, Joseph"]
[Black "Patterson, Roger"]
[Result "0-1"]
[WhiteElo "1937"]
[BlackElo "2186"]
[PlyCount "102"]
[EventDate "2006.05.19"]
[EventType "swiss"]
[EventRounds "6"]
[EventCountry "CAN"]

1. e4 c5 2. Nf3 d6 3. d4 cxd4 4. Nxd4 Nf6 5. Nc3 e6 6. Bd3 Be7 7. O-O O-O 8. a3
a6 9. Be3 Qc7 10. Rb1 b5 11. h3 Bb7 12. Qe1 d5 13. exd5 Nxd5 14. Nxd5 Bxd5 15.
Qe2 Nd7 16. c3 Rfc8 17. Rbc1 Qb7 18. f4 Nc5 19. Bc2 Bc4 20. Bxh7+ Kxh7 21. Qh5+
Kg8 22. Rf3 Ne4 23. Rc2 Bd5 24. Rf1 Ng3 25. Qg4 Nxf1 26. Kxf1 f5 27. Qg3 Bc5
28. h4 Qf7 29. Qf2 Qh5 30. Rc1 Qg4 31. b4 Be7 32. g3 Bf6 33. Ke1 Bxd4 34. Bxd4
Qf3 35. Qg1 Qh1 36. Kf2 Qxg1+ 37. Rxg1 a5 38. g4 Rc7 39. gxf5 exf5 40. h5 Kh7
41. Rg6 axb4 42. axb4 Ra2+ 43. Ke3 Rh2 44. Rg5 Rh3+ 45. Kd2 Be4 46. Rg6 Rxh5
47. Rb6 Rh2+ 48. Ke3 Rh3+ 49. Kd2 Ra7 50. Rh6+ gxh6 51. Bxa7 Rd3+ 0-1

[Event "Paul Keres mem (31st)"]
[Site "Vancouver CAN"]
[Date "2006.05.19"]
[Round "1.10"]
[White "Milner, Arik"]
[Black "Davies, Lucas"]
[Result "0-1"]
[WhiteElo "1730"]
[BlackElo "2154"]
[PlyCount "96"]
[EventDate "2006.05.19"]
[EventType "swiss"]
[EventRounds "6"]
[EventCountry "CAN"]

1. e4 c6 2. d4 d5 3. e5 Bf5 4. c3 e6 5. g4 Be4 6. f3 Qh4+ 7. Ke2 Bg6 8. Nh3 Qd8
9. Nf4 Bxb1 10. Rxb1 Qb6 11. Be3 Nd7 12. Nd3 h5 13. g5 Ne7 14. h4 g6 15. Bh3
Qa6 16. a3 c5 17. Kf2 Nc6 18. f4 c4 19. Nb4 Bxb4 20. axb4 Qb5 21. Ra1 Nb6 22.
Ra3 a5 23. Qa1 O-O 24. bxa5 Nxa5 25. Qb1 Kg7 26. Qc2 Nb3 27. Rxa8 Rxa8 28. Rb1
Ra2 29. Bf1 Na4 30. Be2 Na1 31. Qc1 Nb3 32. Qc2 Qa5 33. Kf3 b6 34. Bd1 Qb5 35.
Be2 Ra1 36. Kf2 Rxb1 37. Qxb1 Na5 38. Qc2 Nxb2 39. Bc1 Nd3+ 40. Bxd3 cxd3 41.
Qd1 Qb1 42. Ke1 Nc4 43. Bd2 Qxd1+ 44. Kxd1 Kf8 45. Bc1 Ke7 46. Bd2 Kd7 47. Kc1
Kc6 48. Kd1 Kb5 0-1

[Event "Paul Keres mem (31st)"]
[Site "Vancouver CAN"]
[Date "2006.05.19"]
[Round "1.11"]
[White "Milicevic, Dragoljub"]
[Black "Gaciu, Vlad"]
[Result "1-0"]
[WhiteElo "2135"]
[BlackElo "1748"]
[PlyCount "129"]
[EventDate "2006.05.19"]
[EventType "swiss"]
[EventRounds "6"]
[EventCountry "CAN"]

1. g3 d5 2. Bg2 c6 3. Nf3 Nf6 4. O-O Bf5 5. d3 e6 6. b3 Nbd7 7. Bb2 Be7 8. Nbd2
Qc7 9. c4 h6 10. Rc1 g5 11. cxd5 exd5 12. e4 dxe4 13. dxe4 Be6 14. Nd4 O-O-O
15. Nxe6 fxe6 16. Bh3 e5 17. Nc4 Kb8 18. Qe2 h5 19. Bf5 h4 20. g4 Bc5 21. Rfd1
Bd4 22. Bxd4 exd4 23. Rxd4 Ne5 24. Rcd1 Rxd4 25. Rxd4 Nxc4 26. Qxc4 Qa5 27. b4
Qe5 28. Qc5 Qxc5 29. bxc5 Re8 30. f3 Rf8 31. Rd6 Kc7 32. e5 Nd5 33. Rd7+ Kb8
34. Rg7 Nf4 35. Kf1 Nh3 36. Ke1 Re8 37. Kd2 b5 38. e6 Rd8+ 39. Kc2 Rd5 40. e7
Rxc5+ 41. Kb2 Re5 42. Rg8+ Kb7 43. e8=Q Rxe8 44. Rxe8 Nf4 45. Rg8 Nh3 46. Be4
Kc7 47. Rg7+ Kd6 48. Rg6+ Ke5 49. Rxc6 Kf4 50. Rc5 a6 51. Bb7 Ke3 52. Bxa6 Kf2
53. Bxb5 Kg2 54. Rc7 Kh1 55. a4 Nf4 56. a5 h3 57. a6 Nd5 58. a7 Nb6 59. Bf1
Na4+ 60. Ka3 Nb6 61. Bxh3 Nd5 62. f4 gxf4 63. a8=Q f3 64. Qxd5 Kg1 65. Qd1+ 1-0

[Event "Paul Keres mem (31st)"]
[Site "Vancouver CAN"]
[Date "2006.05.19"]
[Round "1.12"]
[White "Long, Hugh"]
[Black "Tegzes, Laszlo"]
[Result "1/2-1/2"]
[WhiteElo "1724"]
[BlackElo "2109"]
[PlyCount "67"]
[EventDate "2006.05.19"]
[EventType "swiss"]
[EventRounds "6"]
[EventCountry "CAN"]

1. d4 Nf6 2. c4 g6 3. Nc3 Bg7 4. e4 d6 5. Nf3 O-O 6. Be3 e5 7. d5 Nbd7 8. h3 a5
9. Bd3 Qe7 10. Qd2 Nc5 11. Bc2 Nh5 12. O-O-O Re8 13. g4 Nf6 14. Rdg1 c6 15. Bg5
Qc7 16. Bxf6 Bxf6 17. g5 Bg7 18. h4 Nd7 19. Kb1 Nb6 20. Bd3 cxd5 21. Nxd5 Nxd5
22. cxd5 Bd7 23. h5 b5 24. hxg6 fxg6 25. Rh2 Rf8 26. Ne1 Rf7 27. f3 Rc8 28.
Rgh1 Bf8 29. Rh4 Be8 30. f4 Rxf4 31. Rxf4 exf4 32. Qxf4 Bg7 33. Nf3 Qe7 34. Rc1
1/2-1/2

[Event "Paul Keres mem (31st)"]
[Site "Vancouver CAN"]
[Date "2006.05.19"]
[Round "1.13"]
[White "Yearwood, Roy"]
[Black "Trandafir, Stefan"]
[Result "1-0"]
[WhiteElo "2100"]
[BlackElo "1717"]
[PlyCount "63"]
[EventDate "2006.05.19"]
[EventType "swiss"]
[EventRounds "6"]
[EventCountry "CAN"]

1. c4 e5 2. Nc3 f5 3. e4 d6 4. Bd3 f4 5. g3 fxg3 6. hxg3 Nf6 7. Qf3 Bg4 8. Qg2
Nc6 9. f3 Be6 10. Nd5 Nd4 11. Ne2 Nxe2 12. Bxe2 c6 13. Nc3 d5 14. cxd5 cxd5 15.
Bb5+ Bd7 16. Qe2 d4 17. Nd5 a6 18. Bxd7+ Nxd7 19. d3 Nb6 20. f4 Nxd5 21. Qh5+
Kd7 22. exd5 Bb4+ 23. Ke2 Qe7 24. fxe5 Rae8 25. e6+ Kc7 26. Bg5 Qf8 27. Rhf1 g6
28. Qh4 Qg8 29. Bf6 Kd6 30. Rac1 Bc5 31. Qe4 b6 32. Qe5# 1-0

[Event "Paul Keres mem (31st)"]
[Site "Vancouver CAN"]
[Date "2006.05.19"]
[Round "1.14"]
[White "Krzyzowski, Ernie"]
[Black "Jiang, Louie"]
[Result "0-1"]
[WhiteElo "1685"]
[BlackElo "2073"]
[PlyCount "94"]
[EventDate "2006.05.19"]
[EventType "swiss"]
[EventRounds "6"]
[EventCountry "CAN"]

1. c4 Nf6 2. Nc3 e6 3. e4 Nc6 4. d4 Bb4 5. f3 d5 6. e5 Nh5 7. Be3 g6 8. a3
Bxc3+ 9. bxc3 f6 10. g4 Ng7 11. f4 b6 12. Bg2 f5 13. cxd5 exd5 14. c4 Ne7 15.
g5 Bb7 16. Ne2 Qd7 17. Nc3 O-O-O 18. Nxd5 Nxd5 19. Bxd5 Bxd5 20. cxd5 Qxd5 21.
Kf2 Ne6 22. Qa4 Nxd4 23. Qxd4 Qxd4 24. Bxd4 Rxd4 25. Kg3 Rhd8 26. Rhf1 Kd7 27.
h4 Ke6 28. h5 Rd3+ 29. Rf3 c5 30. hxg6 hxg6 31. Rh1 R3d7 32. Rh6 Rg8 33. Re3 c4
34. Kf2 Rc7 35. Rc3 b5 36. Ke2 a5 37. Kd1 b4 38. Rch3 b3 39. Rc3 Kd5 40. Kc1
Ke4 41. Rh4 Rd8 42. Rh6 Rc6 43. Rh4 Rd3 44. Rxd3 cxd3+ 45. Kb1 d2 46. Rh1 Kxf4
47. Rd1 Rc1+ 0-1

[Event "Paul Keres mem (31st)"]
[Site "Vancouver CAN"]
[Date "2006.05.19"]
[Round "1.16"]
[White "Toubale, Tarek"]
[Black "Davies, Noam"]
[Result "0-1"]
[WhiteElo "2166"]
[BlackElo "2038"]
[PlyCount "110"]
[EventDate "2006.05.19"]
[EventType "swiss"]
[EventRounds "6"]
[EventCountry "CAN"]

1. e4 c5 2. Nf3 e6 3. d4 cxd4 4. Nxd4 a6 5. Nc3 Qc7 6. Be2 Nf6 7. Be3 Bb4 8.
O-O Bxc3 9. bxc3 Nxe4 10. Bd3 Nf6 11. Re1 d5 12. Nf5 g6 13. Bd4 Nbd7 14. Qf3
gxf5 15. Bxf5 Ke7 16. Re3 Qd6 17. Rae1 Re8 18. Qh3 Kd8 19. Qh4 Qe7 20. f3 Kc7
21. Bd3 b5 22. a4 bxa4 23. c4 Bb7 24. c5 Bc6 25. Qg3+ Kc8 26. Rb1 e5 27. Bf5
Kd8 28. Qe1 a5 29. f4 e4 30. Qc3 h5 31. Rb6 Kc7 32. Re1 Ng4 33. Reb1 Nxb6 34.
Rxb6 Reb8 35. h3 Rxb6 36. cxb6+ Kb7 37. hxg4 hxg4 38. Bc5 Qd8 39. Qg7 a3 40.
Qxf7+ Ka6 41. Bxg4 a2 42. Qg7 Qh8 43. Qxh8 Rxh8 44. Bd4 Rh7 45. f5 e3 46. f6
Kb5 47. Be2+ Kb4 48. g4 Bb5 49. Kf1 Bxe2+ 50. Kxe2 Kc4 51. Ba1 d4 52. b7 Rxb7
53. g5 Rh7 54. g6 Rh2+ 55. Ke1 d3 0-1

[Event "Paul Keres mem (31st)"]
[Site "Vancouver CAN"]
[Date "2006.05.20"]
[Round "2.1"]
[White "Davies, Lucas"]
[Black "Orlov, Georgi"]
[Result "1/2-1/2"]
[WhiteElo "2154"]
[BlackElo "2587"]
[PlyCount "84"]
[EventDate "2006.05.19"]
[EventType "swiss"]
[EventRounds "6"]
[EventCountry "CAN"]

1. e4 d6 2. d4 Nf6 3. Nc3 g6 4. Nf3 Bg7 5. Be2 O-O 6. O-O c6 7. a4 a5 8. h3 Na6
9. Re1 Qc7 10. Bf4 Nh5 11. Bh2 e5 12. dxe5 dxe5 13. Nd2 Nf4 14. Bg4 Rd8 15.
Bxc8 Bh6 16. Ncb1 Raxc8 17. Bxf4 Bxf4 18. Qe2 Nc5 19. Nf3 Qb6 20. b3 Qb4 21.
Na3 Bd2 22. Nxd2 Rxd2 23. Qe3 Qd4 24. Rac1 Qxe3 25. Rxe3 b5 26. axb5 cxb5 27.
Nxb5 Nd3 28. Rf1 Rcxc2 29. Na3 Ra2 30. Nc4 Rxf2 31. Rxf2 Nxf2 32. Nxe5 Nd1 33.
Rf3 Re2 34. Nxf7 Rxe4 35. Nd6 Rd4 36. Nb5 Rd2 37. Nc3 Nxc3 38. Rxc3 Ra2 39. Rc7
h5 40. Ra7 Ra3 41. h4 Kf8 42. Kh2 Rxb3 1/2-1/2

[Event "Paul Keres mem (31st)"]
[Site "Vancouver CAN"]
[Date "2006.05.20"]
[Round "2.2"]
[White "Milicevic, Dragoljub"]
[Black "Berry, Jonathan"]
[Result "0-1"]
[WhiteElo "2135"]
[BlackElo "2298"]
[PlyCount "108"]
[EventDate "2006.05.19"]
[EventType "swiss"]
[EventRounds "6"]
[EventCountry "CAN"]

1. Nf3 c5 2. g3 g6 3. Bg2 Bg7 4. e4 Nc6 5. O-O e5 6. Nc3 Nge7 7. d3 d6 8. Bg5
h6 9. Be3 Nd4 10. Qd2 Nxf3+ 11. Bxf3 Bh3 12. Rfe1 Qd7 13. Bh1 h5 14. f3 Rc8 15.
Re2 b5 16. a3 O-O 17. Bh6 f5 18. Bg5 Rf7 19. Nd1 Rcf8 20. Nf2 f4 21. Nxh3 Qxh3
22. Bg2 Qd7 23. c3 Nc6 24. Rd1 Kh7 25. Qe1 Bf6 26. gxf4 exf4 27. Bxf6 Rxf6 28.
Qh4 Qf7 29. d4 Kh6 30. h3 g5 31. Qf2 Qb3 32. Rde1 cxd4 33. cxd4 d5 34. e5 Re6
35. Rc1 Ne7 36. Rec2 b4 37. Qd2 bxa3 38. bxa3 Qxa3 39. Ra2 Qe3+ 40. Qxe3 fxe3
41. Rxa7 Rf4 42. Rd1 Nc6 43. Rd7 Nxd4 44. Rxd5 Ne2+ 45. Kh2 Nc3 46. Rd6 Nxd1
47. Rxe6+ Kg7 48. Bf1 Rxf3 49. Bd3 e2 50. Bxe2 Rf2+ 51. Kg3 Rxe2 52. Re7+ Kg6
53. Re6+ Kf5 54. Rh6 h4+ 0-1

[Event "Paul Keres mem (31st)"]
[Site "Vancouver CAN"]
[Date "2006.05.20"]
[Round "2.3"]
[White "Meng, Fanhao"]
[Black "Yearwood, Roy"]
[Result "1-0"]
[WhiteElo "2255"]
[BlackElo "2100"]
[PlyCount "43"]
[EventDate "2006.05.19"]
[EventType "swiss"]
[EventRounds "6"]
[EventCountry "CAN"]

1. e4 e6 2. Qe2 Nc6 3. Nf3 e5 4. g3 Bc5 5. Bg2 d6 6. O-O Bg4 7. c3 Qd7 8. Rd1
h5 9. b4 Bb6 10. b5 Nce7 11. d4 Ng6 12. Bb2 a6 13. bxa6 Rxa6 14. Nbd2 Ra4 15.
Nc4 Ba7 16. dxe5 Qc6 17. Nxd6+ cxd6 18. Rxd6 Qc4 19. Qd1 Ra6 20. Rd8+ Ke7 21.
Ba3+ Ke6 22. Qd7# 1-0

[Event "Paul Keres mem (31st)"]
[Site "Vancouver CAN"]
[Date "2006.05.20"]
[Round "2.4"]
[White "Jiang, Louie"]
[Black "Pechisker, Alfred"]
[Result "0-1"]
[WhiteElo "2073"]
[BlackElo "2250"]
[PlyCount "100"]
[EventDate "2006.05.19"]
[EventType "swiss"]
[EventRounds "6"]
[EventCountry "CAN"]

1. e4 d6 2. d4 g6 3. c4 Bg7 4. Nc3 Nf6 5. Be2 O-O 6. Nf3 Nbd7 7. O-O e5 8. d5
Nc5 9. Nd2 a5 10. b3 Ne8 11. a3 f5 12. f3 f4 13. Rb1 g5 14. b4 axb4 15. axb4
Nd7 16. Qb3 Qf6 17. Ba3 Qg6 18. c5 Ndf6 19. b5 g4 20. b6 g3 21. Rfc1 gxh2+ 22.
Kxh2 Qg3+ 23. Kg1 Nh5 24. Nf1 Qh4 25. Bb5 Ng3 26. Bxe8 Rxe8 27. cxd6 cxd6 28.
Bxd6 Bf6 29. Nxg3 fxg3 30. Bc5 Bg5 31. Re1 Qh2+ 32. Kf1 Bh3 33. Rb2 Rf8 34. Nb5
Qh1+ 35. Bg1 Rf6 36. d6+ Be6 37. Qc3 Raf8 38. Ke2 Qxg2+ 39. Kd1 Qxf3+ 40. Qxf3
Rxf3 41. Kc2 h5 42. Nc7 Bd7 43. Kb1 Rf1 44. Rbe2 Rxe1+ 45. Rxe1 g2 46. Kb2 Rf1
47. Rb1 h4 48. Nd5 h3 49. Kc2 Kf7 50. Bh2 Ke6 0-1

[Event "Paul Keres mem (31st)"]
[Site "Vancouver CAN"]
[Date "2006.05.20"]
[Round "2.5"]
[White "Davies, Noam"]
[Black "McLaren, Brian"]
[Result "1-0"]
[WhiteElo "2038"]
[BlackElo "2232"]
[PlyCount "85"]
[EventDate "2006.05.19"]
[EventType "swiss"]
[EventRounds "6"]
[EventCountry "CAN"]

1. e4 Nf6 2. e5 Nd5 3. d4 d6 4. Nf3 Bg4 5. Be2 c6 6. h3 Bxf3 7. Bxf3 dxe5 8.
dxe5 e6 9. O-O Nd7 10. Qe2 Qc7 11. Re1 h6 12. c4 Ne7 13. Bd2 Ng6 14. Bh5 Ne7
15. Bc3 g6 16. Bf3 Bg7 17. Nd2 g5 18. Rad1 Ng6 19. Ne4 Ndxe5 20. Nc5 O-O 21.
Bh5 Rad8 22. Rxd8 Rxd8 23. Qe4 b6 24. Nxe6 fxe6 25. Bxg6 Nxg6 26. Qxg6 Qf7 27.
Qxf7+ Kxf7 28. Bxg7 Kxg7 29. Rxe6 Rd1+ 30. Kh2 Rd2 31. Rxc6 Rxb2 32. Rc7+ Kg6
33. Rxa7 Rxf2 34. Ra6 Kh5 35. a4 Rc2 36. Rxb6 g4 37. hxg4+ Kg5 38. c5 Rc4 39.
c6 Rxa4 40. Rb5+ Kxg4 41. Rc5 Ra8 42. c7 Rc8 43. g3 1-0

[Event "Paul Keres mem (31st)"]
[Site "Vancouver CAN"]
[Date "2006.05.20"]
[Round "2.6"]
[White "Patterson, Roger"]
[Black "Kostin, Andrey"]
[Result "1/2-1/2"]
[WhiteElo "2186"]
[BlackElo "1963"]
[PlyCount "74"]
[EventDate "2006.05.19"]
[EventType "swiss"]
[EventRounds "6"]
[EventCountry "CAN"]

1. e4 e5 2. Nf3 Nc6 3. Bb5 a6 4. Ba4 Nf6 5. O-O Be7 6. Re1 b5 7. Bb3 d6 8. c3
O-O 9. h3 h6 10. d4 Re8 11. Nbd2 Bd7 12. Nf1 Bf8 13. Bc2 g6 14. Ng3 Bg7 15. Be3
Kh7 16. a4 exd4 17. cxd4 Nb4 18. Bb3 bxa4 19. Bxf7 Re7 20. Bxg6+ Kxg6 21. e5
Nfd5 22. Qb1+ Kf7 23. Bxh6 Bxh6 24. Qh7+ Bg7 25. Ng5+ Kf8 26. Ra3 dxe5 27. Rf3+
Nf4 28. dxe5 Nbd5 29. Nh5 Bxe5 30. Qh6+ Bg7 31. Rxf4+ Nxf4 32. Nh7+ Kg8 33.
N7f6+ Bxf6 34. Nxf6+ Kf7 35. Qh7+ Kxf6 36. Qh4+ Kf7 37. Qh7+ Kf6 1/2-1/2

[Event "Paul Keres mem (31st)"]
[Site "Vancouver CAN"]
[Date "2006.05.20"]
[Round "2.8"]
[White "Yoos, John"]
[Black "Salcedo, Daniel"]
[Result "0-1"]
[WhiteElo "2425"]
[BlackElo "2007"]
[PlyCount "48"]
[EventDate "2006.05.19"]
[EventType "swiss"]
[EventRounds "6"]
[EventCountry "CAN"]

1. e4 d6 2. d4 Nf6 3. Nc3 g6 4. Be3 c6 5. Nf3 Bg7 6. Qd2 b5 7. Bd3 a6 8. Bh6
Bxh6 9. Qxh6 Qc7 10. e5 dxe5 11. dxe5 Nh5 12. Ne4 Bg4 13. Neg5 Nd7 14. e6 Ne5
15. exf7+ Nxf7 16. Nxf7 Kxf7 17. Ng5+ Kg8 18. O-O Rf8 19. f3 Bc8 20. g3 Nxg3
21. Bxg6 Bf5 22. Bxf5 Rxf5 23. Ne6 Qe5 24. Qf8+ Rxf8 0-1

[Event "Paul Keres mem (31st)"]
[Site "Vancouver CAN"]
[Date "2006.05.20"]
[Round "2.9"]
[White "Tegzes, Laszlo"]
[Black "Chan, James"]
[Result "0-1"]
[WhiteElo "2109"]
[BlackElo "1973"]
[PlyCount "70"]
[EventDate "2006.05.19"]
[EventType "swiss"]
[EventRounds "6"]
[EventCountry "CAN"]

1. e4 e5 2. d4 exd4 3. c3 dxc3 4. Nxc3 d6 5. Bc4 Nd7 6. Nf3 Nb6 7. Bb3 Be6 8.
Bxe6 fxe6 9. Ng5 Qd7 10. Qb3 d5 11. exd5 exd5 12. O-O O-O-O 13. Nb5 a6 14. Nd4
Bd6 15. Be3 h6 16. Ngf3 Nf6 17. Qd3 Nc4 18. Nb3 Nxe3 19. Qxe3 Kb8 20. Nc5 Bxc5
21. Qxc5 Rhe8 22. a4 Ne4 23. Qd4 c5 24. Qd3 g5 25. Rfd1 Qf5 26. Qc2 Rf8 27. Rf1
Qf4 28. Ra3 g4 29. Ne1 c4 30. Re3 Ng5 31. Qe2 d4 32. Re7 d3 33. Qd1 Qf6 34. Re3
Qxb2 35. Qxg4 d2 0-1